Central Library OPAC University of Rajshahi

বাংলাদেশ জাতীয় সংসদ = Bangladesh Parliament : (Record no. 77724)

MARC details
000 -LEADER
fixed length control field 01884nam a2200289 a 4500
001 - CONTROL NUMBER
control field 77724
003 - CONTROL NUMBER IDENTIFIER
rucl marc code BD-RjUL
005 - DATE AND TIME OF LATEST TRANSACTION
control field 20211209083021.0
008 - FIXED-LENGTH DATA ELEMENTS--GENERAL INFORMATION
fixed length control field 210103s1996 bg a|||| m||| 00| 0 ben d
035 ## - SYSTEM CONTROL NUMBER
System control number (BD-RjUL)77950
040 ## - CATALOGING SOURCE
Original cataloging agency BD-RjUL
Language of cataloging ben /eng
Transcribing agency BD-RjUL
Modifying agency BD-RjUL
041 ## - LANGUAGE CODE
Language code of text/sound track or separate title ben
082 ## - DEWEY DECIMAL CLASSIFICATION NUMBER
Classification number 328.5492
Author mark and year RAB 1996
Edition number 23
100 ## - MAIN ENTRY--PERSONAL NAME
Personal name রহমান , মো. আমিনুর
9 (RLIN) 243161
245 10 - TITLE STATEMENT
Title বাংলাদেশ জাতীয় সংসদ = Bangladesh Parliament :
Remainder of title এর কার্যকারিতা (১৯৭৩-১৯৮২) = Its Working (1973-1982) /
Statement of responsibility, etc. মো. আমিনুর রহমান
Linkage গবেষণা তত্ত্বাবধায়ক : আবুল ফজল হক
246 ## - VARYING FORM OF TITLE
Title proper/short title Bangladesh Parliament : Its Working (1973-1982)
260 ## - PUBLICATION, DISTRIBUTION, ETC. (IMPRINT)
Place of publication, distribution, etc. রাজশাহী :
Name of publisher, distributor, etc. রাষ্ট্রবিজ্ঞান বিভাগ, রাজশাহী বিশ্ববিদ্যালয়,
Date of publication, distribution, etc. ১৯৯৬
300 ## - PHYSICAL DESCRIPTION
Pagination [৩] xiii, ২৯৬ পাতা :
Illustrations চিএ ;
Size ২৯ সেমি.
502 ## - DISSERTATION NOTE
Dissertation note থিসিস (পিএইচ. ডি.) -- রাষ্ট্রবিজ্ঞান বিভাগ, রাজশাহী বিশ্ববিদ্যালয়, ১৯৯৬
504 ## - BIBLIOGRAPHY, ETC. NOTE
Bibliography, etc গ্রন্থপঞ্জি : পাতা ২৭৪-২৯৬
651 ## - SUBJECT ADDED ENTRY--GEOGRAPHIC NAME
Geographic name বাংলাদেশ
General subdivision রাজনীতি ও সরকার
Chronological subdivision ১৯৭৩-১৯৮২
9 (RLIN) 243268
Geographic name Bangladesh
General subdivision Politics and Government
Chronological subdivision 1973-1982
9 (RLIN) 243269
Geographic name বাংলাদেশ
General subdivision জাতীয় সংসদ
Chronological subdivision ১৯৭৩-১৯৮২
9 (RLIN) 243270
Geographic name | Bangladesh
General subdivision Jātīẏa Saṃsada
Chronological subdivision 1973-1982
9 (RLIN) 470
700 ## - ADDED ENTRY--PERSONAL NAME
Personal name হক, আবুল ফজল, গবেষণা তত্ত্বাবধায়ক
942 ## - ADDED ENTRY ELEMENTS (KOHA)
Source of classification or shelving scheme Dewey Decimal Classification
Koha item type Theses
Holdings
Lost status Source of classification or shelving scheme Damaged status Not for loan Collection code Permanent Location Current Location Shelving location Date acquired Source of acquisition Total Checkouts Full call number Date last seen Copy number Koha item type
  Dewey Decimal Classification   Not For Loan Theses Central Library, University of Rajshahi Central Library, University of Rajshahi Documentation Section 16/11/1997 Controller of Exam., R.U.   BTHE 328.5492 RAB 1996 03/01/2021 C-1 Theses